[Event "Washington Open Championship"]
[Site "Seattle, WA"]
[Date "2013.05.26"]
[Round "4"]
[White "Yu Justin  (WA)"]
[Black "Sharan Praveer  (OR)"]
[Result "1/2-1/2"]
[WhiteElo "1684"]
[BlackElo "1418"]
[Annotator ""]
[Source ""]
[Remark "Reserve"]

1.e4 e5 2.Nf3 Nc6 3.Bb5 a6 4.Ba4 b5 5.Bb3 Nf6 6.Qe2 Bb7 7.c3
Be7 8.O-O O-O 9.d3 h6 10.Nbd2 d6 11.Rd1 Qc8 12.Nf1 Na5 13.Bc2
c5 14.Ng3 Nc6 15.Nf5 Qd7 16.Kh1 Bd8 17.g4 Ne7 18.N3h4 Ng6 19.g5
Nxh4 20.Nxh4 Nh7 21.f3 Bxg5 22.Nf5 Bc8 23.Rg1 Kh8 24.Bxg5 Nxg5
25.Qe3 Qd8 26.h4 Nh7 27.Rxg7 Bxf5 28.Qxh6 Bg6 29.Rg1 Qf6 30.R1xg6
( 30.Rxh7+ Kg8 31.Kg2 Rfe8 32.h5 {+-} ) Qxg6 31.Rxg6 fxg6 32.Qe3
Rf4 33.d4 Raf8 34.Kg2 cxd4 35.cxd4 g5 36.dxe5 dxe5 37.Qc3 Rxf3
38.Qxf3 Rxf3 39.Kxf3 gxh4 40.Kg4 a5 41.Kxh4 Kg7 42.a3 b4 43.a4
Kf6 44.Kg3 Ke6 45.Bb3+ Kd6 46.Kg4 Nf6+ 47.Kf5 Nd7 48.Bd5 Nb6
49.Bb3 Nd7 1/2-1/2

[Event "Washington Open Championship"]
[Site "Seattle, WA"]
[Date "2013.05.26"]
[Round "5"]
[White "Tafalla Gabriel  (WA)"]
[Black "Bond Robert  (WA)"]
[Result "0-1"]
[WhiteElo "1607"]
[BlackElo "1954"]
[Annotator ""]
[Source ""]
[Remark "Premier"]

1.e4 d5 2.exd5 Nf6 3.d4 Nxd5 4.c4 Nb6 5.Nc3 g6 6.Be3 Bg7 7.Be2
O-O 8.Nf3 Nc6 9.O-O a5 10.Rc1 Bg4 11.Nb5 e6 12.d5 exd5 13.Bxb6
cxb6 14.cxd5 Nb4 15.h3 Bf5 16.Qb3 Qxd5 17.Bc4 Qd8 18.Rfd1 Qf6
19.a3 Na6 20.Nbd4 Nc5 21.Qa2 Rad8 22.Nxf5 Qxf5 23.b4 Nd3 24.Rb1
Nf4 25.Qb3 a4 26.Qxa4 Nxh3+ 27.Kf1 Bd4 28.Bd3 Qf4 29.Qc2 Nxf2
30.Rd2 Ng4 31.Ke2 0-1

[Event "Washington Open Championship"]
[Site "Seattle, WA"]
[Date "2013.05.26"]
[Round "4"]
[White "Bragg David  (WA)"]
[Black "Cigan Jason  (OR)"]
[Result "1-0"]
[WhiteElo "2200"]
[BlackElo "2060"]
[Annotator ""]
[Source ""]
[Remark "Open"]

1.d4 Nf6 2.c4 g6 3.Nc3 d5 4.e3 Bg7 5.b4 O-O 6.Nf3 c6 7.Qb3 Bg4
8.Bb2 Bxf3 9.gxf3 dxc4 10.Bxc4 b5 11.Be2 ( 11.Be2 a5 12.bxa5
Qxa5 13.O-O b4 14.Ne4 Nxe4 15.fxe4 e5 16.dxe5 Bxe5 17.Bxe5 Qxe5
18.Qxb4 Na6 19.Qd4 Qg5+ 20.Kh1 Rfd8 21.Qc4 Nc5 22.Rfc1 Rd2 23.Qxc5
Qxc5 24.Rxc5 Rxe2 25.Kg1 Raxa2 26.Rxa2 Rxa2 27.Rxc6 Kg7 28.Kg2
Ra5 29.h4 h5 30.Rd6 Kf8 31.Rd3 Ra2 32.Rd4 Ra5 33.Kg3 Ke7 34.Rb4
Ra1 35.Rb7+ Ke6 36.Kg2 Re1 37.Rb6+ Ke7 38.Ra6 Kd7 39.Ra3 Ke6
40.Rb3 Ke7 41.Rb8 Kd7 42.Rb4 Ke7 43.Ra4 Kd7 44.Ra8 Ke6 45.Ra6+
Kd7 46.e5 Ke7 47.Rb6 Rc1 48.f4 Re1 49.Kf3 Rh1 50.Ke4 Rxh4 51.Rb7+
Ke6 52.Rb6+ Ke7 {1/2-1/2, Soppe Guillermo (ARG) 2433 - Szmetan Ricardo (BAR) 2283, Pinamar (Argentina) 2004.03.28}
) Nbd7 12.Rc1 Nb6 13.Ne4 Nxe4 14.fxe4 Rc8 15.O-O e6 16.f4 Qe7
17.Rc2 Rc7 18.Rfc1 Rfc8 19.Bc3 g5 20.Rf1 Bh6 21.f5 exf5 22.Rxf5
Qxe4 23.Re5 Qh4 24.Bf3 Bg7 25.Re4 Qh6 26.Be1 Nc4 27.Bg3 Nd6 28.Rg4
Re7 29.Rc5 Nc4 30.Bf2 Qf6 31.Rcxg5 Qxf3 32.Rxg7+ Kh8 33.e4 Qxb3
34.axb3 Nd2 35.e5 Ree8 36.Rxf7 Rg8 37.Rg3 Ne4 38.Rxg8+ Rxg8+
39.Kf1 Rg7 40.Rf8+ Rg8 41.Rf4 Nxf2 42.Kxf2 Rd8 43.Ke3 Kg7 44.Rf6
Rc8 45.h4 h5 46.Ke4 Rc7 47.Rd6 Kh7 48.e6 Kg6 49.Rd7 Rc8 50.e7
Re8 51.Ke5 Kf7 52.Kd6 1-0

[Event "Washington Open Championship"]
[Site "Seattle, WA"]
[Date "2013.05.26"]
[Round "4"]
[White "Sehgal Rahul  (WA)"]
[Black "Anthony Ralph  (WA)"]
[Result "1-0"]
[WhiteElo "1387"]
[BlackElo "1617"]
[Annotator ""]
[Source ""]
[Remark "Reserve"]

1.e4 d6 2.d4 Nf6 3.Nc3 g6 4.Nf3 Bg7 5.Be3 c6 6.Bd3 b5 7.Qd2 Nbd7
8.Bh6 O-O 9.Bxg7 Kxg7 10.e5 dxe5 11.dxe5 Ng4 12.Qf4 Nc5 13.Nd4
Nxd3+ 14.cxd3 Qc7 15.Nf3 Be6 16.O-O Rac8 17.d4 f6 18.exf6+ Rxf6
19.Qxc7 Rxc7 20.Rac1 Rc8 21.Ng5 Bc4 22.Rfe1 Re8 23.Nce4 Rd8 24.Nxf6
Nxf6 25.Rxc4 bxc4 26.Ne6+ Kh6 27.Nxd8 Nd5 28.Ne6 Nb4 29.Re3 g5
30.Rc3 Nd3 31.Rxc4 Nxb2 32.Rxc6 Kg6 33.Rc7 a5 34.Rxe7 Kf6 35.Re8
Kf7 36.Nc7 a4 37.d5 Nc4 38.Re6 a3 39.Nb5 h5 40.Nd6+ Nxd6 41.Rxd6
Ke7 42.Ra6 1-0

[Event "Washington Open Championship"]
[Site "Seattle, WA"]
[Date "2013.05.26"]
[Round "4"]
[White "Lee Kevin  (WA)"]
[Black "Robeal Rafik  (WA)"]
[Result "1-0"]
[WhiteElo "1900"]
[BlackElo "1572"]
[Annotator ""]
[Source ""]
[Remark "Open"]

1.Nf3 Nf6 2.c4 g6 3.g3 Bg7 4.Bg2 O-O 5.O-O d6 6.Nc3 d5 7.Rb1
a5 8.d3 Na6 9.a3 Nc5 10.b4 axb4 11.axb4 Ne6 12.Bb2 Nh5 13.Ra1
Rxa1 14.Qxa1 Bd7 15.Nd2 c6 16.Qa7 Bc8 17.b5 Bh6 18.Nb3 Qd7 19.Na5
cxb5 20.Nxb5 Nc5 21.Ba3 Re8 22.Nd6 Qxd6 23.Qxc5 Qd8 24.Qxd5 Qb6
25.Qb5 Qa7 26.Qxe8+ 1-0

[Event "Washington Open Championship"]
[Site "Seattle, WA"]
[Date "2013.05.26"]
[Round "4"]
[White "Haining Breck  (WA)"]
[Black "Yu Jason  (WA)"]
[Result "1-0"]
[WhiteElo "1278"]
[BlackElo "1189"]
[Annotator ""]
[Source ""]
[Remark "Booster"]

1.e4 e5 2.Nf3 Nc6 3.Nc3 Nf6 4.d4 exd4 5.Nxd4 Bb4 6.Nxc6 bxc6
7.Bd3 Bxc3+ 8.bxc3 O-O 9.O-O d6 10.Bg5 h6 11.Bh4 g5 12.Bg3 Re8
13.Re1 Be6 14.f4 Nd7 {?} 15.f5 Nc5 16.fxe6 Nxe6 17.e5 Nc5 18.exd6
Rxe1+ 19.Bxe1 cxd6 20.Bf2 Qf6 21.Bxc5 dxc5 22.Qd2 Rd8 23.Rf1
Qe7 24.Qf2 Qe6 25.Qxc5 Rd7 26.Bf5 Qd6 27.Qxd6 Rxd6 28.c4 Kf8
29.Re1 Kg7 30.Bd3 Kf6 31.Re4 c5 32.Re8 Ra6 33.Rc8 Ra5 34.Kf2
Rxa2 35.Rxc5 a5 36.Rc6+ Ke5 37.Rxh6 a4 38.Ra6 Kd4 39.c5 Kxc5
40.Ra5+ Kb4 41.Rxg5 a3 42.Rg4+ Kc3 43.Rc4+ Kd2 44.Ra4 Ra1 45.Kg3
Kc3 46.h4 Kb2 47.Ra7 Rc1 48.Rb7+ Ka1 49.Rxf7 a2 50.Bc4 Rxc2 51.Bxa2
Rxa2 52.Rf1+ Kb2 53.Rf2+ Kb3 54.Rxa2 Kxa2 55.h5 Kb3 56.h6 Kc4
57.h7 Kd5 58.h8Q Ke4 59.Qf8 Ke5 60.Qf4+ Kd5 61.Kf3 Kc5 62.Qd2
Kc4 63.Ke4 Kc5 64.Qd4+ Kb5 65.Qd5+ Ka4 66.Kd4 Kb4 67.Qb7+ Ka5
68.Kc3 Ka4 69.Qb4# 1-0

[Event "Washington Open Championship"]
[Site "Seattle, WA"]
[Date "2013.05.26"]
[Round "4"]
[White "Ramasamy Vikram  (WA)"]
[Black "Dixon Max  (WA)"]
[Result "1-0"]
[WhiteElo "1540"]
[BlackElo "1265"]
[Annotator ""]
[Source ""]
[Remark "Reserve"]

1.e4 Nf6 2.Nc3 d6 3.d4 Nc6 4.f3 e6 5.Be3 Be7 6.Qd2 O-O 7.g4
( 7.g4 e5 8.d5 Nb4 9.a3 Na6 10.Nge2 b6 11.Ng3 Bb7 12.h4 Re8 13.g5
Nd7 14.Nf5 Bf8 15.h5 f6 16.g6 h6 17.Bh3 Bc8 18.Bxh6 gxh6 19.g7
Bxg7 20.Nxg7 Kxg7 21.Rg1+ Kf7 22.Qxh6 Rh8 23.Rg7+ Ke8 24.Qg6+
{1-0, Nowak Dominika (POL) 2202 - Milanowska Agata, Poland 2003.09.13}
) Nd7 8.g5 g6 9.h4 f6 10.h5 Qe8 11.Nb5 Bd8 12.gxf6 Nxf6 13.Bh6
Rf7 14.Qg2 Ne7 15.Bd3 e5 16.dxe5 dxe5 17.Bc4 Kh8 18.Bxf7 Qxf7
19.hxg6 Nxg6 20.Nc3 Be7 21.O-O-O Bb4 22.Nge2 Be6 23.a3 Bc5 24.Na4
Bd6 25.Be3 Bc4 26.Ng3 Rg8 27.Qh2 Nf4 28.Bxf4 exf4 29.Nf5 Qd7
30.Nc3 Qe6 31.Nxd6 cxd6 32.Qxf4 Rd8 33.Rh6 Rf8 34.Rxd6 Qg8 35.Rdxf6
Qg1+ 36.Nd1 Rg8 37.Rxh7+ Kxh7 38.Qh6# 1-0

[Event "Washington Open Championship"]
[Site "Seattle, WA"]
[Date "2013.05.26"]
[Round "4"]
[White "Huston Aaron  (WA)"]
[Black "Strong Edward  (WA)"]
[Result "0-1"]
[WhiteElo "900"]
[BlackElo "1425"]
[Annotator ""]
[Source ""]
[Remark "Reserve"]

1.d4 Nf6 2.Nf3 b6 3.e3 Bb7 4.Bd3 e6 5.Nbd2 c5 6.c3 d5 7.O-O Nc6
8.Re1 cxd4 9.cxd4 Be7 10.Bb5 O-O 11.Bxc6 Bxc6 12.Ne5 Rc8 13.b3
Nd7 14.f4 Nxe5 15.fxe5 Bb4 16.Rf1 Bb5 17.Rf3 Bd3 18.Rg3 Bxd2
19.Qxd2 Be4 20.Qf2 Rc2 21.Qf4 Bg6 22.h4 Qe7 23.a4 Rfc8 24.e4
Bxe4 25.Rxg7+ Kxg7 26.Qh6+ Kg8 27.Bg5 Rxg2+ 28.Kf1 Rxg5 29.hxg5
Qf8 30.Qh5 Qg7 31.Kf2 Rc2+ 32.Ke3 Qg6 33.Qh4 Qf5 34.Qh5 Qf2# 0-1

[Event "Washington Open Championship"]
[Site "Seattle, WA"]
[Date "2013.05.26"]
[Round "4"]
[White "Tezcan Yaman  (OR)"]
[Black "Collyer Curt  (WA)"]
[Result "1/2-1/2"]
[WhiteElo "2031"]
[BlackElo "2289"]
[Annotator ""]
[Source ""]
[Remark "Open"]

1.d4 e6 2.c4 f5 3.Nf3 Nf6 4.g3 Be7 5.Bg2 O-O 6.O-O Ne4 7.Nc3
Bf6 8.Qd3 d5 9.Bf4 c6 ( 9...c6 10.Rad1 Bd7 11.Ne5 g5 12.Bc1 Be8
13.f3 Nxc3 14.bxc3 Bxe5 15.dxe5 Nd7 16.f4 gxf4 17.Bxf4 Nb6 18.Bh6
Rf7 19.cxd5 cxd5 20.e4 Ba4 21.exf5 Bxd1 22.Qxd1 Nc4 23.fxe6 Qb6+
24.Qd4 Rxf1+ 25.Kxf1 Qxd4 26.cxd4 Nb6 27.Bh3 Re8 28.Bg5 Kg7 29.Bf6+
Kg6 30.Ke2 Nc8 31.e7 Nxe7 32.Bd7 Rd8 33.Be6 Rb8 34.Bxe7 Re8 35.Bxd5
Rxe7 36.Be4+ Kg5 37.h3 h5 38.Ke3 b6 39.Bd3 Re8 40.Ke4 Kg6 41.d5
Rc8 42.d6 Kf7 43.Kd4 Ke6 44.g4 hxg4 45.hxg4 Rc1 46.Bf5+ Kf7 47.e6+
Kf6 48.e7 Re1 49.Bd7 {1-0, Tantsis Georgios (GRE) 2193 - Mamedova Rena (GER) 2353, Aegina (Greece) 1996}
) 10.Rfd1 Nd7 11.Rac1 g5 12.Be3 Qe7 13.Ne1 Bg7 14.Nxe4 fxe4 15.Qd2
h6 16.b3 Nf6 17.f3 exf3 18.exf3 Bd7 19.Nd3 Be8 20.Re1 Bg6 21.Ne5
Bh7 22.f4 g4 23.Qa5 h5 24.Bd2 Qd8 25.Qxd8 Rfxd8 26.Ba5 Re8 27.Bb4
Bf5 28.Re2 Rad8 29.Bc5 Ra8 30.a4 Rec8 31.Ba3 Bf8 32.Bxf8 Kxf8
33.a5 a6 34.c5 Ke7 35.Rce1 Rh8 36.b4 Rh6 37.Kf2 h4 38.Re3 Rah8
39.R1e2 Ne8 40.Rc3 Nc7 41.Ke3 hxg3 42.hxg3 Rh2 43.Rc1 Nb5 44.Ra1
R8h7 45.Rd2 1/2-1/2

[Event "Washington Open Championship"]
[Site "Seattle, WA"]
[Date "2013.05.26"]
[Round "4"]
[White "Verdiyan Artem  (WA)"]
[Black "Elmer Kyler  (WA)"]
[Result "1-0"]
[WhiteElo "1107"]
[BlackElo "1333"]
[Annotator ""]
[Source ""]
[Remark "Booster"]

1.d4 d5 2.c4 c6 3.Nf3 Nf6 4.Nc3 dxc4 5.a4 Bf5 6.e3 e6 7.Bxc4
Bb4 8.O-O Bxc3 9.bxc3 Qa5 10.Bb2 O-O 11.Nh4 Rd8 12.Nxf5 Qxf5
13.Bd3 Qa5 14.Qb3 Qb6 15.Qc2 Na6 16.Ba3 Rd7 17.Qe2 Qc7 18.h3
Qc8 19.e4 Qd8 20.Bxa6 bxa6 21.Qxa6 Qb6 22.Qe2 Qa5 23.Bb4 Qg5
24.Qa6 Nxe4 25.Qxc6 Qd5 26.Qxd5 Rxd5 27.a5 Rc8 28.Kh2 g6 29.f3
Nd2 30.Rfd1 Nc4 31.a6 Kg7 32.Bc5 Nb6 33.Bxb6 axb6 34.a7 Ra8 35.Rdb1
{?} ( 35.Ra6 ) Ra5 36.Rxa5 bxa5 37.Ra1 Rxa7 38.Ra4 Kf6 39.g4
Ke7 40.f4 f5 41.g5 Kd6 42.Kg3 Kd5 43.Kf3 Ra6 44.Ke3 Ra7 45.Kd3
Ra6 46.c4+ Kd6 47.Kc3 Ra7 48.Ra2 Kc6 49.Re2 Kd6 50.c5+ Kd5 51.Re5+
Kc6 52.Rxe6+ Kd5 53.Re5+ Kc6 54.Kc4 Rb7 55.d5+ Kc7 56.Re7+ Kc8
57.Rxb7 Kxb7 58.Kb5 a4 59.Kxa4 Kc7 60.Ka5 Kb7 61.Kb5 Kc7 62.Ka6
Kb8 63.Kb6 Kc8 64.Kc6 Kd8 65.Kb7 1-0

[Event "Washington Open Championship"]
[Site "Seattle, WA"]
[Date "2013.05.27"]
[Round "5"]
[White "O'Connell Sean (OR)"]
[Black "Hendricks David  (WA)"]
[Result "0-1"]
[WhiteElo "1764"]
[BlackElo "1770"]
[Annotator ""]
[Source ""]
[Remark "Premier"]

1.Nf3 Nf6 2.g3 c5 3.Bg2 d5 4.O-O Nc6 5.d3 e5 6.Nbd2 Be7 7.e4
O-O 8.Re1 d4 9.a4 Bg4 10.h3 ( 10.h3 Bh5 11.g4 Bg6 12.Nh4 Ne8
13.Nf5 Nc7 14.Nc4 Ne6 15.Nxe5 Nxe5 16.Nxe7+ Qxe7 17.f4 f6 18.f5
c4 19.fxg6 hxg6 20.dxc4 Nxc4 21.b3 Ne5 22.Ba3 Qc7 23.Bxf8 Rxf8
24.Qd2 g5 25.Rac1 Rc8 26.Kh1 Qb6 27.Qf2 Rc3 28.Red1 Qc5 29.Qd2
a6 30.Qf2 Kf7 31.Qd2 Re3 32.c4 Rxb3 33.Qa2 Rg3 34.Rb1 Nf4 35.Rxb7+
Kg6 36.Rd2 d3 37.Qb1 Qe3 38.Qc1 {0-1, Zamparo Sergio (BEL) 2112 - Lputian Smbat G (ARM) 2565, Antwerpen (Belgium) 1993}
) Bxf3 11.Qxf3 {+0.00} Qa5 12.Qd1 b5 13.Nb3 Qa6 14.axb5 Qxb5
15.f4 Rfd8 16.Nd2 Nd7 17.Nc4 a5 18.Qe2 f6 19.h4 a4 20.Bh3 Nf8
21.Qg4 Na5 22.Nxa5 Qxa5 23.Rf1 Qb4 24.fxe5 Qb6 25.Bh6 Ng6 26.exf6
Bxf6 27.Bc1 c4 28.Qe6+ Qxe6 29.Bxe6+ Kh8 30.Bxc4 Ne5 31.Bb5 Ng4
32.Rxa4 Rab8 33.Bc4 Ne3 34.Bxe3 dxe3 35.b3 Bc3 36.e5 {?} e2 37.e6
Bd4+ 38.Kg2 exf1Q+ 39.Kxf1 Rf8+ 40.Ke1 Bf2+ 41.Ke2 Bxg3 42.d4
Bxh4 43.d5 Be7 44.Ra6 Rbd8 45.Ke3 g5 46.Ra1 h5 47.Rh1 h4 48.c3
Rf4 49.Kd3 Rdf8 50.Re1 g4 51.Bb5 g3 52.d6 Bxd6 53.Bc6 h3 54.e7
Bxe7 55.Rxe7 g2 0-1

[Event "Washington Open Championship"]
[Site "Seattle, WA"]
[Date "2013.05.27"]
[Round "5"]
[White "Yu Jinsong  (WA)"]
[Black "Smith Andrew  (WA)"]
[Result "1/2-1/2"]
[WhiteElo "1355"]
[BlackElo "946"]
[Annotator ""]
[Source ""]
[Remark "Booster"]

1.e4 c5 2.Nf3 g6 3.c3 Bg7 4.d4 cxd4 5.cxd4 e6 6.Nc3 Nc6 7.Be3
Nf6 8.e5 Nd5 9.Nxd5 exd5 10.Be2 O-O 11.O-O d6 12.Bg5 Qc7 13.exd6
Qxd6 14.Qd2 Bg4 15.Be3 Rfe8 16.Rad1 Re6 17.Ng5 Bxe2 18.Nxe6 Bxf1
19.Nxg7 Kxg7 ( 19...Bxg2 {%02$15/$17} ) 20.Bh6+ Kg8 21.Rxf1 Re8
22.Re1 Re6 23.h4 f6 24.a3 Kf7 25.g3 {%02$17/$19} ( 25.Rxe6 {%02=/$15} )
Rxe1+ 26.Qxe1 Nxd4 27.Qe3 Qe5 28.Kf1 Nf5 29.Qxa7 Nxh6 30.Qxb7+
Kg8 31.Qb4 d4 32.a4 Ng4 33.a5 f5 34.a6 d3 35.Qc4+ Kg7 36.Qxd3
Qxb2 37.Qd7+ Kh6 38.Qa7 Qb1+ 39.Kg2 Qe4+ 40.Kf1 {%02$17/$19} 1/2-1/2

[Event "Washington Open Championship"]
[Site "Seattle, WA"]
[Date "2013.05.27"]
[Round "5"]
[White "Yeo Noah  (WA)"]
[Black "Arond Paul  (WA)"]
[Result "1/2-1/2"]
[WhiteElo "1485"]
[BlackElo "1729"]
[Annotator ""]
[Source ""]
[Remark "Premier"]

1.e4 e6 2.d4 d5 3.e5 c5 4.c3 Qb6 5.Nf3 Bd7 6.Be2 Bb5 7.Bxb5+
Qxb5 8.Na3 Qa6 9.Nc2 cxd4 10.cxd4 Nc6 11.Bd2 Nge7 12.Bc3 Nf5
13.Qe2 Qxe2+ 14.Kxe2 Be7 15.Bd2 h6 16.h4 Bd8 17.g4 Nfe7 18.Nfe1
Bb6 19.Nf3 h5 20.gxh5 Rxh5 21.Bc3 Nf5 22.Rad1 Kd7 23.Ne3 Nce7
24.Nxf5 Nxf5 25.Kd3 Rah8 26.Rh2 Bd8 27.Rg2 g6 28.Bd2 Nxh4 29.Nxh4
Rxh4 30.f4 R8h5 31.Be3 Be7 32.a3 Bf8 33.Rf2 Rh2 34.Rdf1 Be7 35.Ke2
R5h3 36.Rxh2 Rxh2+ 37.Rf2 Rxf2+ 38.Bxf2 Kc6 39.a4 Bb4 40.Bh4
b5 41.b3 bxa4 42.bxa4 Kd7 43.Kd3 Be7 44.Bg5 Ba3 45.Ke2 Kc6 46.Bh4
Kb6 47.Bd8+ Ka6 48.Kd2 Bb2 49.Ke3 Bc3 50.Kd3 Ba5 51.Bh4 Kb7 52.Kc2
Kc8 53.Kd3 Kd7 54.Kc2 Ke8 55.Kd3 Kf8 56.Bg5 1/2-1/2

[Event "Washington Open Championship"]
[Site "Seattle, WA"]
[Date "2013.05.27"]
[Round "5"]
[White "Higinbotham Hugh  (WA)"]
[Black "Robeal Rafik  (WA)"]
[Result "1/2-1/2"]
[WhiteElo "1468"]
[BlackElo "1572"]
[Annotator ""]
[Source ""]
[Remark "Open"]

1.d4 Nf6 2.c4 g6 3.Nc3 Bg7 4.e4 d6 5.Nf3 O-O 6.Be2 e5 7.O-O Nc6
8.d5 Ne7 9.Nd2 Ne8 10.b4 f5 11.c5 f4 12.Bg4 g5 13.Bxc8 Qxc8 14.Nc4
f3 15.Ne3 Rf6 16.g4 Rf8 17.h3 h5 18.Nf5 Nxf5 19.gxf5 g4 20.hxg4
hxg4 21.Kh2 Nf6 22.Kg3 Qe8 23.Rh1 Qe7 24.Bg5 dxc5 25.d6 cxd6
26.Bxf6 Qxf6 27.Qd5+ Qf7 28.bxc5 dxc5 29.Kxg4 Qxd5 30.Nxd5 Kf7
31.Rh7 Rh8 32.Rah1 Rxh7 33.Rxh7 Rh8 34.Rxh8 Bxh8 35.Kxf3 Bg7
36.a4 Bf8 37.Ke2 Ke8 38.Kd3 Kd7 39.Kc4 Kc6 40.f4 exf4 41.Nxf4
a6 42.a5 Bh6 43.Nd5 Kd6 44.f6 Ke5 45.f7 Ke6 46.Kxc5 Kxf7 47.Kd6
Ke8 48.Nb6 Bf8+ 49.Kc7 Bb4 50.Nc4 Ke7 51.Kxb7 Bxa5 52.Nxa5 Ke6
53.Kxa6 Ke5 54.Nc6+ Kxe4 1/2-1/2

[Event "Washington Open Championship"]
[Site "Seattle, WA"]
[Date "2013.05.27"]
[Round "5"]
[White "Elmer Kyler  (WA)"]
[Black "Clay Dorian  (WA)"]
[Result "0-1"]
[WhiteElo "1333"]
[BlackElo "1000"]
[Annotator ""]
[Source ""]
[Remark "Booster"]

1.e4 d5 2.exd5 Qxd5 3.Nc3 Qa5 4.Nf3 Nf6 5.Bc4 c6 6.d4 Bf5 7.Bd2
e6 8.O-O Qc7 9.Ne5 Nbd7 10.Bf4 Bd6 11.Nxd7 Bxf4 12.Nxf6+ gxf6
13.g3 Bd6 14.Re1 O-O-O 15.Ne4 Bxe4 16.Rxe4 Rdg8 17.Qd3 h5 18.Re3
f5 19.Kg2 f4 20.Rf3 h4 21.Re1 Rh6 22.Rg1 Rhg6 23.Kh3 e5 24.Qf5+
Kb8 25.Bxf7 Rg5 26.Qh7 Qc8+ 27.Kg2 Rh8 28.Qd3 hxg3 29.Kf1 Qh3+
30.Rg2 Qxg2+ 31.Kxg2 gxh2+ 32.Kf1 h1Q+ 33.Ke2 Rg7 34.dxe5 Bxe5
35.Qb3 Rd8 36.Rd3 Qe4+ 37.Kf1 f3 38.Rxd8+ Kc7 39.Rd2 Rg1+ 40.Kxg1
Qe1# 0-1

[Event "Washington Open Championship"]
[Site "Seattle, WA"]
[Date "2013.05.27"]
[Round "5"]
[White "Truong Kenneth  (WA)"]
[Black "Kenney Jason  (CAN)"]
[Result "1/2-1/2"]
[WhiteElo "1815"]
[BlackElo "2080"]
[Annotator ""]
[Source ""]
[Remark "Open"]

1.e4 c6 2.d4 d5 3.exd5 cxd5 4.c4 Nf6 5.Nc3 Nc6 6.Bg5 e6 7.Nf3
Be7 8.Bd3 dxc4 9.Bxc4 O-O 10.O-O b6 11.a3 Bb7 12.Qd3 Rc8 13.Rfd1
Rc7 14.Ba6 ( 14.Rac1 Qa8 15.Ba2 Rd7 16.Bb1 g6 17.Qe3 Qb8 18.h3
Rfd8 19.Ba2 Nd5 20.Nxd5 exd5 21.Re1 Bxg5 22.Qxg5 Qd6 23.Bb1 f6
24.Qd2 Na5 25.Qe2 Nc4 26.Bd3 Na5 27.Qe6+ Qxe6 28.Rxe6 Kf7 29.Rce1
Rc7 30.R6e2 Bc8 31.Nd2 Nb7 32.Nb1 Nd6 33.Nc3 Nf5 34.Nb5 Rb7 35.g4
Nd6 36.Nxd6+ Rxd6 37.Ba6 Rc7 38.Bxc8 Rxc8 39.Re7+ Kf8 40.Rxa7
Rc4 41.Ree7 Rxd4 42.Rxh7 Rd1+ 43.Kg2 Kg8 44.Rhb7 Rd8 45.Rxb6
d4 46.Rbb7 d3 47.Rd7 Re8 48.b4 d2 49.b5 Kf8 50.Kf3 Rb1 51.Rxd2
Rxb5 52.Rd6 f5 53.Rf6+ {1-0, Voller Ondrej (CZE) - Bystron Jakub (CZE), Svetla nad Sazavou (Czech Republic) 1994}
) Ba8 15.Ne5 Nd5 16.Bxe7 Rxe7 17.Ne4 f5 18.Ng5 Nxe5 19.dxe5 h6
20.Nh3 g5 21.Bc4 Qb8 22.Qd4 Rg7 23.Rd3 Rd8 24.f4 Qb7 25.Rf1 Qe7
26.Rfd1 Rd7 27.Bb5 Rd8 28.b4 g4 29.Nf2 h5 30.Rc3 Rf8 31.Rb3 Qb7
32.Bf1 h4 33.Rc1 Rc8 34.Rxc8+ Qxc8 35.Nd1 Qc1 36.Rc3 Nxc3 37.Qd8+ 1/2-1/2

[Event "Washington Open Championship"]
[Site "Seattle, WA"]
[Date "2013.05.27"]
[Round "5"]
[White "Anthony Ralph  (WA)"]
[Black "Thompson Cameron  (WA)"]
[Result "0-1"]
[WhiteElo "1617"]
[BlackElo "1499"]
[Annotator ""]
[Source ""]
[Remark "Reserve"]

1.e4 c6 2.d4 d5 3.Nc3 dxe4 4.Nxe4 Nd7 5.Nf3 Ngf6 6.Ng3 e6 7.Bd3
Bd6 8.O-O O-O 9.Re1 c5 10.Bg5 cxd4 11.Nxd4 h6 12.Ne4 Be7
( 12...Bxh2+ ) 13.Bh4 Nc5 14.Nxc5 Bxc5 15.Nb3 Bb6 16.Qf3 a6 17.Rad1
Qe7 18.Qf5 {?} exf5 19.Rxe7 g5 20.Bxg5 hxg5 21.Bc4 Ne4 22.Nd4
Bd8 23.Re5 Bf6 24.Ra5 b6 25.Ra3 Rd8 26.Rad3 b5 27.Bb3 Nc5 28.R3d2
Rxd4 29.Rxd4 Bxd4 30.Rxd4 Nxb3 31.axb3 Be6 32.f4 g4 33.h4 gxh3
34.gxh3 Rc8 35.c3 Bxb3 36.Rd6 Ra8 37.Kf2 Kg7 38.Kg3 a5 39.Kf2
a4 40.Rb6 Bc4 41.Rd6 a3 42.bxa3 Rxa3 43.Rb6 Rxc3 44.Kg2 Rb3 45.Kh2
Rf3 46.Kg2 Rxf4 47.Rc6 b4 48.Kg3 Re4 49.Kf3 Bd5 50.Rd6 Be6 51.Rb6
b3 52.Rb7 Rc4 53.Rxb3 Rf4+ 54.Kxf4 Bxb3 55.Kg5 Bc2 56.h4 f6+
57.Kf4 Kg6 58.Kg3 Kh5 59.Kh3 f4 60.Kh2 Kxh4 61.Kg2 Be4+ 62.Kh2
Kg4 63.Kg1 Kg3 64.Kf1 f3 65.Kg1 f2+ 66.Kf1 Bd3# 0-1

[Event "Washington Open Championship"]
[Site "Seattle, WA"]
[Date "2013.05.27"]
[Round "5"]
[White "McCorkle Wade  (WA)"]
[Black "Thakur Eamon  (WA)"]
[Result "1-0"]
[WhiteElo "1288"]
[BlackElo "1161"]
[Annotator ""]
[Source ""]
[Remark "Booster"]

1.c4 e5 2.g3 Nf6 3.Bg2 d5 4.cxd5 Nxd5 5.Nf3 Nc6 6.d3 Bc5 7.O-O
O-O 8.Nbd2 Nf6 9.Qc2 Bb6 10.b3 Re8 11.Bb2 Bf5 12.Nh4 Bg4 13.Nhf3
Nd4 14.Bxd4 exd4 15.Nc4 Qe7 16.Rfe1 Rac8 17.Rac1 Qd7 18.Nfe5
Qe6 19.Nxg4 Nxg4 20.Bf3 ( 20.Bxb7 ) Ne5 21.Nxe5 Qxe5 22.Bxb7
Rb8 23.Bc6 Re6 24.Qc4 Rh6 25.Qd5 Qe7 26.Rc2 Qb4 27.Rec1 Rd6 28.Qb5
Qa3 29.Qa4 Qxa4 30.Bxa4 Re6 31.Bc6 Rd8 32.a3 a5 33.b4 axb4 34.axb4
g6 35.b5 Kg7 36.Kf1 Kf6 37.Be4 Kg5 38.h3 Rdd6 39.Rc6 Rxc6 40.Rxc6
Rxc6 41.Bxc6 h5 42.h4+ Kg4 {??} 43.Bd7+ f5 44.Kg2 g5 45.f3# 1-0

[Event "Washington Open Championship"]
[Site "Seattle, WA"]
[Date "2013.05.27"]
[Round "5"]
[White "Raffel Brian  (WA)"]
[Black "Campbell Tim  (WA)"]
[Result "0-1"]
[WhiteElo "1478"]
[BlackElo "1745"]
[Annotator ""]
[Source ""]
[Remark "Open"]

1.e4 c5 2.Nf3 Nc6 3.d4 cxd4 4.Nxd4 g6 5.c4 Bg7 6.Be3 Nf6 7.Nc3
d6 8.g3 O-O 9.Bg2 Ng4 10.O-O Nxe3 11.fxe3 Nxd4 12.exd4 Qb6 13.Nd5
Qxd4+ 14.Qxd4 Bxd4+ 15.Kh1 e6 16.Rfd1 Bxb2 17.Ne7+ Kg7 18.Rab1
Be5 19.Nxc8 Rfxc8 20.Rxb7 Rxc4 21.Rf1 Bf6 22.Rd7 Rb8 23.Rxa7
Rb2 24.g4 g5 25.h4 h6 26.hxg5 hxg5 27.e5 dxe5 28.Bf3 e4 29.Bd1
e3 30.Bb3 Rf4 31.Re1 Rff2 32.Bxe6 Bd4 0-1

[Event "Washington Open Championship"]
[Site "Seattle, WA"]
[Date "2013.05.27"]
[Round "5"]
[White "Ramasamy Vikram  (WA)"]
[Black "Zhang Zachary  (WA)"]
[Result "1/2-1/2"]
[WhiteElo "1541"]
[BlackElo "1390"]
[Annotator ""]
[Source ""]
[Remark "Reserve"]

1.e4 e6 2.d4 d5 3.Nd2 c5 4.dxc5 Bxc5 5.Nb3 Bb6 6.exd5 Qxd5 7.Qxd5
exd5 8.g3 Nf6 9.Bg2 Ng4 10.Nh3 Be6 11.O-O Nc6 12.Nf4 Nf6 13.Re1
Kd7 14.Nd3 Rae8 15.Ndc5+ Bxc5 16.Nxc5+ Kc8 17.Bg5 Nd7 18.Nxe6
fxe6 19.Rad1 h6 20.Be3 Rhf8 21.c4 dxc4 22.Bxc6 bxc6 23.Rd6 Kc7
24.Red1 Nb6 25.Bxb6+ Kxb6 26.Rd7 g5 27.Kf1 a6 28.Rc1 Rf6 29.Rxc4
Ref8 30.Rd2 e5 31.Re4 Rf5 32.g4 Rf4 33.Rxe5 Rxg4 34.Re6 Rh4 35.Rdd6
Rxh2 36.Rxc6+ Kb7 {%02  (This looks like it could be a win for White following 37. Rb6+ Kc8 38.Rec6+ Kd7 39. Rf6 Rxf6 40.Rxf6 and the a pawn falls.)}
 1/2-1/2

[Event "Washington Open Championship"]
[Site "Seattle, WA"]
[Date "2013.05.27"]
[Round "5"]
[White "Bartron Paul  (WA)"]
[Black "Haining Kyle  (WA)"]
[Result "0-1"]
[WhiteElo "2139"]
[BlackElo "1909"]
[Annotator ""]
[Source ""]
[Remark "Open"]

1.e4 g6 2.d4 Bg7 3.Nf3 d6 4.Bc4 Nf6 5.Nc3 O-O 6.Bb3 c5 7.dxc5
dxc5 8.Qxd8 Rxd8 9.Be3 Na6 10.O-O Bd7 11.Bc4 Rac8 12.Ne5 Be8
13.Nd3 Nb4 14.Rac1 Nxd3 15.cxd3 b6 16.Ba6 Ra8 17.Bf4 Bc6 18.Ne2
Nh5 19.b4 Nxf4 20.Nxf4 Bh6 21.g3 e5 22.b5 Bd7 23.Nd5 Bxc1 24.Rxc1
Rab8 25.Ne7+ Kg7 26.Nc6 Bxc6 27.bxc6 Rbc8 28.Bxc8 Rxc8 29.Rc3
Rxc6 30.Ra3 a5 31.Ra4 Rd6 32.Ra3 Rd4 33.Kf1 Kf6 34.Ke2 Ke6 35.Ke3
Kd6 36.f4 f6 37.h4 h5 38.Rc3 b5 39.Rc2 Ra4 40.fxe5+ fxe5 41.Rf2
Ke7 42.Rc2 c4 43.dxc4 bxc4 44.Rd2 Ra3+ 45.Kf2 Ke6 46.Rc2 Ra4
47.Rd2 Rb4 48.Ke3 a4 49.Rd5 Rb2 50.Rc5 Rxa2 51.Rxc4 Kd6 52.Rc8
a3 53.Kf3 Ra1 54.Kg2 a2 55.Rc2 Rg1+ 56.Kxg1 a1Q+ 0-1

[Event "Washington Open Championship"]
[Site "Seattle, WA"]
[Date "2013.05.27"]
[Round "5"]
[White "Haining Breck  (WA)"]
[Black "Lomboy Gilbert  (WA)"]
[Result "1/2-1/2"]
[WhiteElo "1278"]
[BlackElo "1558"]
[Annotator ""]
[Source ""]
[Remark "Booster"]

1.e4 e5 2.Nf3 Nc6 3.d4 exd4 4.Nxd4 Bb4+ 5.c3 Bc5 6.Nxc6 bxc6
7.Bd3 Ne7 8.O-O O-O 9.Nd2 d5 10.e5 a5 11.Nf3 Bg4 12.Be2 Bxf3
13.Bxf3 Ng6 14.Re1 Re8 15.e6 fxe6 16.Be3 Bd6 17.Bh5 Qf6 18.Qf3
Qxf3 19.Bxf3 Ne5 20.Be2 Rab8 21.Rab1 c5 22.b3 h6 23.Bd2 g5 24.h4
Nf7 25.hxg5 Nxg5 26.Bg4 Kg7 27.Bxg5 hxg5 28.Bxe6 d4 29.cxd4 cxd4
30.Bc4 Kf6 31.g3 Re7 32.Rxe7 Bxe7 33.Re1 Rb6 34.Rd1 c5 35.a4
Rd6 36.Rd3 Ke5 37.f3 Rh6 38.Kg2 Kd6 1/2-1/2